Państwa Azji według pierwszej i ostatniej litery - Statystyki

Ogólne statystyki
  • Ten quiz został rozwiązany 323 razy
  • Średni wynik to 36 z 48
Odpowiedzi na mapie
Odpowiedzi zakodowano w zielono-czerwonej skali na mapie do tego quizu, zgodnie z poniższymi procentami.
 
Statystyki odpowiedzi
Kraj % Poprawnych
Japonia
94%
Jordania
94%
Turcja
93%
Tajlandia
92%
Tajwan
92%
Chiny
91%
Iran
91%
Kazachstan
91%
Indie
89%
Afganistan
88%
Azerbejdżan
88%
Kirgistan
87%
Korea Północna
87%
Korea Południowa
87%
Kambodża
86%
Tadżykistan
86%
Turkmenistan
86%
Mjanma
84%
Armenia
83%
Irak
83%
Mongolia
83%
Oman
83%
Arabia Saudyjska
81%
Malezja
81%
Indonezja
79%
Sri Lanka
76%
Syria
76%
Jemen
75%
Pakistan
74%
Uzbekistan
72%
Bhutan
71%
Bahrajn
70%
Gruzja
70%
Nepal
70%
Zjednoczone Emiraty Arabskie
70%
Wietnam
68%
Izrael
65%
Laos
64%
Bangladesz
59%
Filipiny
59%
Katar
59%
Kuwejt
58%
Cypr
54%
Liban
47%
Brunei
34%
Timor Wschodni
33%
Malediwy
27%
Singapur
23%
Nie znaleziono quizów pasujących do podanych kryteriów
Rozkład punktacji
Procent ludzi z każdym wynikiem
Percentyl według liczby udzielonych odpowiedzi
Twoja historia wyników
Nie rozwiązałeś tego quizu